00564nam a2200169Ia 4500003000400000008004100004020001500045040000800060100002100068245010200089260003500191300000800226901002100234942001200255952011000267999001700377LDD181029s9999 xx 000 0 und d a8171004636 cLDD aGrover, Verinder 0aGreat women of modern Indiabtheir contribution to poltical, economics and sociacVerinder Grover aNew DelhibDeep and Deepc1993 a8V. a2754b03-10-2003 2ddccBK 00102ddc3V.84070946551aLDDbLDDd2018-11-01l0o920.720954 G798p029874r2018-11-01w2018-11-01yBK c46552d46552